Générique Aladdin - Paroles - Statistiques

Statistiques générales
  • Ce quiz a été pris 123 fois
  • Le résultat moyen est 7 sur 24
Statistiques - réponses
Paroles % Correct
Suivez-{moi}
94%
Nuits d'{Arabie}
65%
Nuits d'{Arabie}
58%
Démons de {minuit}
53%
Voles en tapis {volant}
45%
Mille et une {folies}
42%
{Sésame}, ouvre-toi !
42%
Au coeur du {désert}
39%
Vers la magie des nuits d'{Orient}
33%
Nous {voilà} !
29%
Au parfum de {velours}
26%
Ils serpentent la {nuit}
24%
Il n'est point de {retour}
21%
Pour le {fou} qui se perd
21%
Au pays où mystère et {magie}
15%
C'est l'instant {envoûtant}
15%
Comme des coups de {poignards}
14%
Qui tournent sans {bruit}
14%
Comme un vol de {vautour}
13%
Qui vous {ensorcellent}
13%
Te transperceront dans le {noir}
13%
Ont des {pouvoirs}
8%
Au détour des {ruelles}
5%
Chaque soir des {regards}
4%
Aucun quiz correspondant
Distribution des résultats
% des personnes avec chaque résultat
Percentile par nombre de réponses
Votre historique - résultats
Vous n’avez pas pris ce quiz